00517nam a22001577a 4500008004100000040001800041041000800059100002200067245009900089260005500188300001800243500005600261650001700317650001000334650001500344130821s1885 gw gr dspa  aCo-BoUCMbspa00aspa aLidforss, Eduardo00aHistoria del famoso predicador Fray Gerundio de campazas, alias ZotescPor D. Eduardo Lidforss aLeipzig (Sajonia, Alemania)bF. A. Brockhausc1885 a246 páginas aNotas al pie del texto. -- Incluye índice general04aBiografías04aClero04aSacerdotes